| 000 | 00502nam a22001937a 4500 | ||
|---|---|---|---|
| 005 | 20251108172818.0 | ||
| 008 | 250721s1994 xx 000 0 eng d | ||
| 082 | 1 | 4 | _a629.25/sou |
| 100 | 1 | _asouth, david w. | |
| 245 | 1 | 0 | _aencyclopedic dictionary of gears and gearing / |
| 264 | 1 |
_anew york : _bmcgraw-hill, _c1994. |
|
| 300 | _a414 p | ||
| 650 | 1 | 7 | _aMECHANICAL ENGINEERING |
| 650 | 1 | 7 | _aAUTOMOBILES |
| 650 | 1 | 7 | _aGEARING |
| 700 | 1 | _aewert, richard h. | |
| 942 |
_2ddc _cBK |
||
| 999 |
_c89080 _d89080 |
||